Obálka Náhled e-knihy:
Epub
Pro půjčování e-knih musíte být přihlášeni.
Jak si půjčit online?

Svoboda : paměti 1954-2021 /

Angela Merkelová ve svých vzpomínkách zachycuje svůj osobní život, vědeckou dráhu a dlouholetou politickou kariéru; důležitou pozornost zde věnuje svému působení v roli spolkové kancléřky (2005-2021).

Uloženo v:
Hlavní autor: Merkel, Angela, 1954- (Autor)
Další autoři: Baumann, Beate, 1963- (Autor), Škultéty, Michaela, 1972- (Autor)
Médium: E-kniha
Jazyk:Czech
Vydáno: Praha : Práh, 2024
Vydání:Vydání první
Témata:
Tagy:
Žádné tagy
LEADER 03015nam a2200601 i 4500
001 312584
003 CZ PrSKC
005 20260601215725.0
007 ta
008 241204s2024 xr acf e 001 0acze
015 |a cnb003645349 
020 |a 9788076960381  |q (vázáno) 
035 |a (OCoLC)1483791539 
040 |a ABA001  |b cze  |d OLA001  |e rda 
041 1 |a cze  |h ger 
043 |a e-gx--- 
045 |a x5y2 
072 7 |a 32  |x Politika  |2 Konspekt 
072 7 |a 929  |x Biografie  |2 Konspekt 
080 |a 32-055.2  |2 MRF 
080 |a 328.131-055.2  |2 MRF 
080 |a 929  |2 MRF 
080 |a (430)  |2 MRF 
080 |a (092)  |2 MRF 
100 1 |a Merkel, Angela,  |d 1954-  |7 js20050725012  |4 aut 
240 1 0 |a Freiheit.  |l Česky 
245 1 0 |a Svoboda :  |b paměti 1954-2021 /  |c Angela Merkelová a Beate Baumannová ; přeložila Michaela Škultéty 
250 |a Vydání první 
264 1 |a Praha :  |b Práh,  |c 2024 
300 |a 629 stran, 32 nečíslovaných stran obrazových příloh :  |b ilustrace (převážně barevné), portréty ;  |c 22 cm 
336 |a text  |b txt  |2 rdacontent 
337 |a bez média  |b n  |2 rdamedia 
338 |a svazek  |b nc  |2 rdacarrier 
500 |a Přeloženo z němčiny 
500 |a Obsahuje rejstřík 
520 2 |a Angela Merkelová ve svých vzpomínkách zachycuje svůj osobní život, vědeckou dráhu a dlouholetou politickou kariéru; důležitou pozornost zde věnuje svému působení v roli spolkové kancléřky (2005-2021).  |b Ve své knize popisuje každodenní život v úřadu kancléře stejně jako dramatické dny a noci, kdy v Berlíně, Bruselu a na dalších místech přijímala rozhodnutí zásadního významu. Vykresluje vývoj mezinárodní spolupráce a odhaluje, pod jakým tlakem jsou dnes političky a politici, když v globalizovaném světě hledají řešení komplexních problémů. Nakladatelská anotace. Kráceno. 
600 1 7 |a Merkel, Angela,  |d 1954-  |7 js20050725012  |2 czenas 
648 7 |a 20.-21. století  |7 ch462155  |2 czenas 
648 7 |a 21. století  |7 ch460559  |2 czenas 
648 4 |a 1954-2021 
650 0 7 |a političky  |7 ph216803  |z Německo  |y 20.-21. století  |2 czenas 
650 0 7 |a spolkové kancléřky  |7 ph1119029  |z Německo  |y 21. století  |2 czenas 
650 0 9 |a women politicians  |z Germany  |y 20th-21st centuries  |2 eczenas 
650 0 9 |a women chancellors (prime ministers)  |z Germany  |y 21st century  |2 eczenas 
655 7 |a autobiografie  |7 fd131855  |2 czenas 
655 9 |a autobiography  |2 eczenas 
700 1 |a Baumann, Beate,  |d 1963-  |7 jo20241246501  |4 aut 
700 1 |a Škultéty, Michaela,  |d 1972-  |7 mzk2003188779  |4 trl 
900 |a ABA001  |b 20 
044 |a xr 
910 |a RBIT002 
998 |d 416261  |a https://core.palmknihy.cz/api/books/416261/cover?snlr9d  |b https://core.palmknihy.cz/api/books/416261/cover/400?snlr9d  |c https://core.palmknihy.cz/api/books/416261/cover/50?snlr9d  |e 2029-12-05  |g 664  |i 9788076960381  |j https://core.palmknihy.cz/api/books/416261/preview.epub  |l   |q 49  |r 1  |s https://www.palmknihy.cz/kniha/416261  |t ebook  |y 2024  |z 0 
999 |d 312582